| 000 | 01040cam a2200217 4500 | ||
|---|---|---|---|
| 001 | ABS67918 | ||
| 008 | 040623n2004 000 0 eng u | ||
| 035 | _a(Sirsi) u126579 | ||
| 100 | _aThompson, B. | ||
| 245 | _aHow to write an expert witness report | ||
| 260 | _c2004 | ||
| 490 |
_aNew Law Journal _v54(7130) 28 May 2004, 808-810(3) |
||
| 520 | _aOutlines the extra importance of expert reports in litigation especially with the advent of single joint experts who tend not to attend court, and where these reports may be used as a basis for early dispute settlement. Offers advice on the form that the reports should take and the civil procedure requirements under the Civil Procedure Rules. Also provides guidance on how to produce reports which are both concise and informative and in the best writing style and structure. | ||
| 590 | _aABS | ||
| 590 | _aABS | ||
| 650 | _aEXPERT REPORTS | ||
| 650 | _aSINGLE JOINT EXPERTS | ||
| 650 | _aCIVIL PROCEDURE RULES PART 35 | ||
| 690 |
_aDISPUTE RESOLUTION _96236 |
||
| 942 | _n0 | ||
| 999 |
_c117584 _d117584 |
||